Italian Provinces - Statistics

General Stats
  • This quiz has been taken 100 times
  • The average score is 78 of 107
Answer Stats
Hint Answer % Correct
Lazio Rome (City Metropolitan)
94%
Lombardy Milan (City Metropolitan)
92%
Campania Naples (City Metropolitan)
92%
Tuscany Florence (City Metropolitan)
91%
Sicily Palermo (City Metropolitan)
91%
Liguria Genoa (City Metropolitan)
89%
Piedmont Turin (City Metropolitan)
89%
Aosta Valley Aosta
88%
Apulia Bari (City Metropolitan)
88%
Emilia-Romagna Bologna (City Metropolitan)
88%
Emilia-Romagna Parma
86%
Campania Salerno
86%
Lombardy Bergamo
85%
Lombardy Brescia
85%
Lombardy Como
85%
Tuscany Pisa
85%
Friuli-Venezia Giulia Trieste
85%
Veneto Venice (City Metropolitan)
85%
Emilia-Romagna Modena
83%
Trentino-Alto Adige/Südtirol Trento
83%
Apulia Barletta-Andria-Trani
82%
Abruzzo L'Aquila
82%
Apulia Lecce
82%
Calabria Reggio Calabria (City Metropolitan)
82%
Veneto Verona
82%
Marche Ancona
80%
Sardinia Cagliari (City Metropolitan)
80%
Sicily Catania (City Metropolitan)
80%
Basilicata Potenza
80%
Apulia Taranto
80%
Campania Benevento
79%
Trentino-Alto Adige/Südtirol Bolzano/ South Tyrol
79%
Campania Caserta
79%
Lazio Latina
79%
Sicily Messina (City Metropolitan)
79%
Lombardy Monza and Brianza
79%
Abruzzo Pescara
79%
Emilia-Romagna Rimini
79%
Tuscany Siena
79%
Lombardy Varese
79%
Apulia Foggia
77%
Tuscany Livorno
77%
Umbria Perugia
77%
Friuli-Venezia Giulia Udine
77%
Molise Campobasso
76%
Lombardy Cremona
76%
Liguria La Spezia
76%
Tuscany Lucca
76%
Basilicata Matera
76%
Piedmont Alessandria
74%
Apulia Brindisi
74%
Calabria Catanzaro
74%
Calabria Cosenza
74%
Piedmont Cuneo
74%
Emilia-Romagna Ferrara
74%
Lazio Frosinone
74%
Emilia-Romagna Piacenza
74%
Emilia-Romagna Ravenna
74%
Emilia-Romagna Reggio Emilia
74%
Lombardy Lecco
73%
Friuli-Venezia Giulia Pordenone
73%
Liguria Savona
73%
Campania Avellino
71%
Calabria Crotone
71%
Liguria Imperia
71%
Tuscany Prato
71%
Sardinia Sassari
71%
Umbria Terni
71%
Sicily Enna
70%
Emilia-Romagna Forlì-Cesena
70%
Veneto Padua
70%
Lombardy Pavia
70%
Sicily Agrigento
68%
Abruzzo Chieti
68%
Molise Isernia
68%
Sicily Trapani
68%
Piedmont Asti
67%
Friuli-Venezia Giulia Gorizia
67%
Tuscany Grosseto
65%
Lombardy Lodi
65%
Marche Pesaro and Urbino
65%
Veneto Vicenza
65%
Piedmont Novara
64%
Sardinia Nuoro
64%
Sicily Ragusa
64%
Veneto Treviso
64%
Lazio Viterbo
64%
Tuscany Arezzo
62%
Sicily Syracuse
62%
Lombardy Mantua
61%
Tuscany Massa-Carrara
61%
Veneto Rovigo
61%
Lombardy Sondrio
61%
Abruzzo Teramo
61%
Piedmont Vercelli
61%
Veneto Belluno
59%
Sicily Caltanissetta
59%
Marche Macerata
59%
Tuscany Pistoia
59%
Lazio Rieti
59%
Calabria Vibo Valentia
59%
Marche Ascoli Piceno
58%
Piedmont Verbano-Cusio-Ossola
58%
Sardinia Oristano
56%
Piedmont Biella
53%
Marche Fermo
50%
Sardinia South Sardinia
35%
No matching quizzes found
Score Distribution
Percent of People with Each Score
Percentile by Number Answered
Your Score History
You have not taken this quiz